La rivalité commerciale et maritime entre Seville et Cadix jusquia la fin du XVIII siecle / (Registro nro. 72382)

Detalles MARC
000 -LEADER
campo de control de longitud fija 00583nam a2200181 i 4500
001 - NÚMERO DE CONTROL
campo de control 72382
003 - IDENTIFICADOR DE NÚMERO DE CONTROL
campo de control ES-MaACL
005 - FECHA Y HORA DE LA ÚLTIMA TRANSACCIÓN
campo de control 20230906171425.0
007 - CAMPO FIJO DE DESCRIPCIÓN FÍSICA--INFORMACIÓN GENERAL
campo de control de longitud fija t|
008 - DATOS DE LONGITUD FIJA--INFORMACIÓN GENERAL
campo de control de longitud fija 040831s1932 fr |||| | fre d
100 1# - ENTRADA PRINCIPAL--NOMBRE DE PERSONA
Nombre de persona Girard, Albert.
9 (RLIN) 57213
245 13 - MENCIÓN DEL TÍTULO
Título La rivalité commerciale et maritime entre Seville et Cadix jusquia la fin du XVIII siecle /
Mención de responsabilidad, etc. par Albert Girard.
260 ## - PUBLICACIÓN, DISTRIBUCIÓN, ETC.
Lugar de publicación, distribución, etc. ParisE. de Boccard,
Fecha de publicación, distribución, etc. 1932 (
Lugar de fabricación/manufactura Bordeaux :
Fabricante J. Biere)
300 ## - DESCRIPCIÓN FÍSICA
Extensión 119 p. ;
Dimensiones 25 cm.
650 #4 - PUNTO DE ACCESO ADICIONAL DE MATERIA--TÉRMINO DE MATERIA
Término de materia o nombre geográfico como elemento de entrada Comercio-
Subdivisión geográfica Cádiz.
9 (RLIN) 166467
650 #4 - PUNTO DE ACCESO ADICIONAL DE MATERIA--TÉRMINO DE MATERIA
Término de materia o nombre geográfico como elemento de entrada Comercio-
Subdivisión geográfica Sevilla.
9 (RLIN) 166468
852 ## - LOCALIZACIÓN
Ubicación ES-MaACL
Número de control de estantería A-1739
Existencias
Estatus retirado Estado de pérdida Estado de daño No para préstamo Biblioteca de origen Biblioteca actual Ubicación en estantería Fecha de adquisición Fuente de adquisición Total de préstamos Signatura topográfica completa Código de barras Visto por última vez Precio de reemplazo Tipo de ítem Koha
        Biblioteca del Ateneo de Madrid Biblioteca del Ateneo de Madrid Sala Pecera Planta 1 17/01/2008     A-1739 1075778 23/02/2023 23/02/2023 Libro impreso